<?xml version="1.0" encoding="UTF-8"?>
<record
    xmlns:xsi="http://www.w3.org/2001/XMLSchema-instance"
    xsi:schemaLocation="http://www.loc.gov/MARC21/slim http://www.loc.gov/standards/marcxml/schema/MARC21slim.xsd"
    xmlns="http://www.loc.gov/MARC21/slim">

  <leader>01238nam a22002537a 4500</leader>
  <datafield tag="010" ind1=" " ind2=" ">
    <subfield code="a">A-282443</subfield>
  </datafield>
  <datafield tag="020" ind1=" " ind2=" ">
    <subfield code="c">244.00</subfield>
  </datafield>
  <datafield tag="035" ind1=" " ind2=" ">
    <subfield code="a">A-282443</subfield>
  </datafield>
  <datafield tag="037" ind1=" " ind2=" ">
    <subfield code="a">Cen Lib / Ret</subfield>
  </datafield>
  <datafield tag="040" ind1=" " ind2=" ">
    <subfield code="a">DPL</subfield>
    <subfield code="b">HN</subfield>
  </datafield>
  <datafield tag="082" ind1=" " ind2=" ">
    <subfield code="a">423.72</subfield>
    <subfield code="b">&#x92D;&#x93E;&#x930;&#x924;</subfield>
  </datafield>
  <datafield tag="245" ind1=" " ind2=" ">
    <subfield code="a">&#x939;&#x93F;&#x902;&#x926;&#x940;- &#x92E;&#x932;&#x92F;&#x93E;&#x932;&#x92E;-&#x905;&#x902;&#x917;&#x94D;&#x930;&#x947;&#x91C;&#x940; &#x924;&#x94D;&#x930;&#x93F;&#x92D;&#x93E;&#x937;&#x93E; &#x915;&#x94B;&#x936; /</subfield>
  </datafield>
  <datafield tag="246" ind1=" " ind2=" ">
    <subfield code="a">Hindi-Malyalam-English Trilingual Dictionary /</subfield>
  </datafield>
  <datafield tag="260" ind1=" " ind2=" ">
    <subfield code="a">&#x928;&#x908; &#x926;&#x93F;&#x932;&#x94D;&#x932;&#x940; </subfield>
    <subfield code="b">&#x915;&#x947;&#x902;&#x926;&#x940;&#x92F; &#x939;&#x93F;&#x902;&#x926;&#x940; &#x928;&#x93F;&#x926;&#x947;&#x936;&#x93E;&#x932;&#x92F;</subfield>
    <subfield code="c">1986</subfield>
  </datafield>
  <datafield tag="270" ind1=" " ind2=" ">
    <subfield code="a">&#x936;&#x93F;&#x915;&#x94D;&#x937;&#x93E; &#x935;&#x93F;&#x92D;&#x93E;&#x917;, &#x92E;&#x93E;&#x928;&#x935; &#x938;&#x902;&#x938;&#x93E;&#x927;&#x928; &#x935;&#x93F;&#x915;&#x93E;&#x938; &#x92E;&#x902;&#x924;&#x94D;&#x930;&#x93E;&#x932;&#x92F;, &#x92A;&#x936;&#x94D;&#x91A;&#x93F;&#x92E;&#x940; &#x916;&#x923;&#x94D;&#x921;-7 &#x930;&#x93E;&#x92E;&#x915;&#x943;&#x937;&#x94D;&#x923;&#x92A;&#x941;&#x930;&#x92E;</subfield>
    <subfield code="b">&#x928;&#x908; &#x926;&#x93F;&#x932;&#x94D;&#x932;&#x940; </subfield>
    <subfield code="e">110066</subfield>
  </datafield>
  <datafield tag="300" ind1=" " ind2=" ">
    <subfield code="a">v 1. 1007p. ; v 2. 804p. v 3. 404p.</subfield>
    <subfield code="b">24cm</subfield>
  </datafield>
  <datafield tag="490" ind1=" " ind2=" ">
    <subfield code="a">&#x924;&#x94D;&#x930;&#x93F;&#x92D;&#x93E;&#x937;&#x93E; &#x915;&#x94B;&#x936;&#x92E;&#x93E;&#x932;&#x93E;</subfield>
    <subfield code="v">2</subfield>
  </datafield>
  <datafield tag="505" ind1=" " ind2=" ">
    <subfield code="a">v 1.&#x905;-&#x927; ; v 2.&#x928;-&#x932;  ; v 3. &#x935;&#x94D;-&#x939;</subfield>
  </datafield>
  <datafield tag="650" ind1=" " ind2=" ">
    <subfield code="a">&#x939;&#x93F;&#x902;&#x926;&#x940;--&#x92E;&#x932;&#x92F;&#x93E;&#x932;&#x92E;--&#x907;&#x902;&#x917;&#x94D;&#x932;&#x93F;&#x936; &#x936;&#x92C;&#x94D;&#x926;&#x915;&#x94B;&#x937;</subfield>
  </datafield>
  <datafield tag="650" ind1=" " ind2=" ">
    <subfield code="a">&#x939;&#x93F;&#x902;&#x926;&#x940;--&#x936;&#x92C;&#x94D;&#x926;&#x915;&#x94B;&#x937;</subfield>
  </datafield>
  <datafield tag="650" ind1=" " ind2=" ">
    <subfield code="a">Hindi--malyalam--english-- Dictionary</subfield>
  </datafield>
  <datafield tag="650" ind1=" " ind2=" ">
    <subfield code="a">Hindi -- Dictionary</subfield>
  </datafield>
  <datafield tag="942" ind1=" " ind2=" ">
    <subfield code="2">ddc</subfield>
    <subfield code="c">HN</subfield>
    <subfield code="h">423.72</subfield>
    <subfield code="m">&#x92D;&#x93E;&#x930;&#x924;</subfield>
  </datafield>
  <datafield tag="999" ind1=" " ind2=" ">
    <subfield code="c">122159</subfield>
    <subfield code="d">122159</subfield>
  </datafield>
  <datafield tag="952" ind1=" " ind2=" ">
    <subfield code="0">0</subfield>
    <subfield code="1">0</subfield>
    <subfield code="3">v.1</subfield>
    <subfield code="4">0</subfield>
    <subfield code="7">1</subfield>
    <subfield code="8">REF</subfield>
    <subfield code="a">L</subfield>
    <subfield code="b">L</subfield>
    <subfield code="d">2016-03-04</subfield>
    <subfield code="e">Cen Lib/Ret</subfield>
    <subfield code="g">244.00</subfield>
    <subfield code="l">0</subfield>
    <subfield code="o">423.72 &#x92D;&#x93E;&#x930;&#x924;</subfield>
    <subfield code="p">A-282443</subfield>
    <subfield code="r">2016-03-04 00:00:00</subfield>
    <subfield code="v">244.00</subfield>
    <subfield code="w">2016-03-04</subfield>
    <subfield code="y">HN</subfield>
  </datafield>
  <datafield tag="952" ind1=" " ind2=" ">
    <subfield code="0">0</subfield>
    <subfield code="1">0</subfield>
    <subfield code="3">v.2</subfield>
    <subfield code="4">0</subfield>
    <subfield code="7">1</subfield>
    <subfield code="8">REF</subfield>
    <subfield code="a">L</subfield>
    <subfield code="b">L</subfield>
    <subfield code="d">2016-03-04</subfield>
    <subfield code="e">Cen Lib/Ret</subfield>
    <subfield code="g">208.00</subfield>
    <subfield code="l">0</subfield>
    <subfield code="o">423.72 &#x92D;&#x93E;&#x930;&#x924;</subfield>
    <subfield code="p">A-282444</subfield>
    <subfield code="r">2016-03-04 00:00:00</subfield>
    <subfield code="v">208.00</subfield>
    <subfield code="w">2016-03-04</subfield>
    <subfield code="y">HN</subfield>
  </datafield>
  <datafield tag="952" ind1=" " ind2=" ">
    <subfield code="0">0</subfield>
    <subfield code="1">0</subfield>
    <subfield code="3">v.3</subfield>
    <subfield code="4">0</subfield>
    <subfield code="7">1</subfield>
    <subfield code="8">REF</subfield>
    <subfield code="a">L</subfield>
    <subfield code="b">L</subfield>
    <subfield code="d">2016-03-05</subfield>
    <subfield code="e">Cen Lib/Ret</subfield>
    <subfield code="g">74.00</subfield>
    <subfield code="l">0</subfield>
    <subfield code="o">423.72 &#x92D;&#x93E;&#x930;&#x924;</subfield>
    <subfield code="p">A-282445</subfield>
    <subfield code="r">2016-03-05 00:00:00</subfield>
    <subfield code="v">74.00</subfield>
    <subfield code="w">2016-03-05</subfield>
    <subfield code="y">HN</subfield>
  </datafield>
</record>
